| 000 | 00981nam a22002537i 4500 | ||
|---|---|---|---|
| 003 | URS | ||
| 005 | 20251001091321.0 | ||
| 008 | 181206s2014 -ph||||| |||| 00| 0 eng d | ||
| 020 | _a9716857818 | ||
| 020 | _a9716857269, vol. 1 | ||
| 040 |
_beng _erda _cURS |
||
| 050 | 1 | 4 |
_aLB 1765.P6 _b.C65 Vol.6 |
| 245 | 0 | 0 | _aComprehensive LET reviewer based on NCBTS and TOS Specialization. |
| 264 | 1 |
_aQuezon City _bLorimar _c2011-2015. |
|
| 300 |
_a7 volumes : _billustrations ; _c26 cm |
||
| 336 |
_atext _btxt _2rdacontent |
||
| 337 |
_aunmediated _bn _2rdamedia |
||
| 338 |
_avolume _bnc _2rdacarrier |
||
| 505 | _aVol. 1 Professional Education -- Vol.2 Professional Education Assessment -- Vol. 3: Gen Ed Math -- Vol. 4: TLE - volume 5: Agriculture and Fishery Arts -- Vol. 6: MAPEH -- Vol. 7: Physical Sciences | ||
| 526 | _aBEED | ||
| 650 | 0 |
_aTeachers _zPhilippines _xExaminations, questions, etc. |
|
| 650 | 0 |
_aEducation _zPhilippines _xExaminations, questions, etc. |
|
| 942 |
_cF _2lcc |
||
| 999 |
_c5811 _d5811 |
||